Surveying salaries up by 5% (Record no. 66522)

MARC details
000 -LEADER
fixed length control field 01145cam a2200205 4500
001 - CONTROL NUMBER
control field ABS63759
008 - FIXED-LENGTH DATA ELEMENTS--GENERAL INFORMATION
fixed length control field 000000n2001 000 0 eng u
035 ## - SYSTEM CONTROL NUMBER
System control number (Sirsi) u111637
245 ## - TITLE STATEMENT
Title Surveying salaries up by 5%
260 ## - PUBLICATION, DISTRIBUTION, ETC.
Date of publication, distribution, etc. 2001
490 ## - SERIES STATEMENT
Series statement CSM (Chartered Surveyor Monthly)
Volume/sequential designation March 2001, 10-13(4)
520 ## - SUMMARY, ETC.
Summary, etc. Summarises the main findings of the 2001 RICS/ MacDonald & Co survey of chartered surveyors' salaries. Results are based on the responses of 3825 property professionals working in a range of disciplines in the UK and abroad. Key findings include: salaries rose by an average of 5.2% during the last 12 months - slightly less than last year; the average salary of professionals in the UK property sector is £33.4k pa; those based in Greater London and the South East are the highest earners, and those in the East Midlands and Wales the lowest. Diagrams, table and graph.
590 ## - LOCAL NOTE (RLIN)
Local note ABS
650 ## - SUBJECT ADDED ENTRY--TOPICAL TERM
Topical term or geographic name entry element ROYAL INSTITUTION OF CHARTERED SURVEYORS
650 ## - SUBJECT ADDED ENTRY--TOPICAL TERM
Topical term or geographic name entry element MACDONALD AND COMPANY
650 ## - SUBJECT ADDED ENTRY--TOPICAL TERM
Topical term or geographic name entry element SALARY SURVEYS
650 ## - SUBJECT ADDED ENTRY--TOPICAL TERM
Topical term or geographic name entry element BONUSES
690 ## - LOCAL SUBJECT ADDED ENTRY--TOPICAL TERM (OCLC, RLIN)
Topical term or geographic name as entry element MANAGEMENT-BUSINESS MANAGEMENT-PROFESSIONAL PRACTICE
942 ## - ADDED ENTRY ELEMENTS (KOHA)
Suppress in OPAC 0
Holdings
Withdrawn status Lost status Source of classification or shelving scheme Damaged status Not for loan Home library Current library Shelving location Date acquired Total Checkouts Full call number Barcode Date last seen Copy number Price effective from Koha item type
    Dewey Decimal Classification     London London Journal article 26/03/2001   ABS63759 111637-1001 06/08/2019 1 06/08/2019 Journal article